[Event "Challenge"]
[Site "http://www.queenalice.com/game.php?id=1814339"]
[Date "2023.6.19"]
[Round "-"]
[White "Nelsonbento"]
[Black "Mr_SPOCK"]
[Result "1-0"]
[WhiteElo "1603"]
[BlackElo "1653"]

1. d4 Nc6 2. e4 e5 3. d5 Nd4 4. Nf3 Bd6 5. c3 Nxf3+ 6. Qxf3 c5 7. h4 Qa5 8. Bd2
b5 9. g3 b4 10. Bh3 Bb7 11. Qf5 Nf6 12. Bg5 O-O-O 13. Bxf6 gxf6 14. Qxf6 Kc7 15.
O-O b3 16. a4 Bc8 17. Nd2 Qa6 18. Nxb3 Rhf8 19. Nd2 Rde8 20. Nf3 Be7 21. Qxa6
Bxa6 22. Nxe5 f5 23. Bxf5 Bc8 24. Bxh7 d6 25. Ng6 Rf7 26. Rae1 Rxh7 27. e5 Kd7
28. e6+ Kc7 29. b4 Rg8 30. Nxe7 Rxe7 31. Re4 Bb7 32. c4 cxb4 33. Rb1 a5 34. h5
Kd8 35. Kg2 Rh7 36. g4 Ke7 37. Rf4 Rh6 38. Kh3 Rh7 39. Kh4 Kd8 40. Rf5 Bc8 41.
f4 Rhg7 42. g5 Kc7 43. h6 Rh7 44. Kh5 Rgh8 45. Rf6 Kb6 46. Rf7 Bxe6 47. dxe6
Rxf7 48. exf7 Kc7 49. Kg6 Kd7 50. Kg7 Rd8 51. Re1 b3 52. h7 b2 53. f8=Q Rxf8 54.
Kxf8 Kc6 55. h8=Q Kc5 56. Qxb2 d5 57. Qb5+ Kd4 58. Qxd5+ Kc3 59. Rc1+ Kb4 60.
Qb5+ Ka3 61. Ra1# 1-0

[Event "Challenge"]
[Site "http://www.queenalice.com/game.php?id=1817063"]
[Date "2023.7.24"]
[Round "-"]
[White "Mr_SPOCK"]
[Black "Nelsonbento"]
[Result "0-1"]
[WhiteElo "1635"]
[BlackElo "1621"]

1. e4 e5 2. Nf3 d6 3. Bb5+ c6 4. Bc4 Bg4 5. d3 b5 6. Bb3 Qa5+ 7. c3 Ne7 8. O-O
f5 9. Bd2 fxe4 10. dxe4 Qb6 11. Bg5 Ng6 12. Nbd2 Be7 13. h3 Bxg5 14. hxg4 Bxd2
15. Nxd2 Nd7 16. Qf3 Nf6 17. Be6 Ke7 18. Qf5 Nh4 19. Qg5 Nxg2 20. Bf5 Rag8 21.
Kxg2 g6 22. c4 gxf5 23. Qxf5 h6 24. Rh1 Rxg4+ 25. Kf1 Rf4 26. Qxf4 exf4 27. Rg1
Qd4 28. Rd1 bxc4 29. Rg7+ Ke6 30. Ke2 Nxe4 31. Rg6+ Kf5 32. Rg2 Qd3+ 33. Ke1 Re8
34. f3 Nxd2+ 35. Kf2 Qe2+ 36. Kg1 Qxd1+ 37. Kh2 Nxf3+ 38. Kh3 Qh1+ 39. Rh2 Qxh2#
0-1

[Event "Challenge"]
[Site "http://www.queenalice.com/game.php?id=1818203"]
[Date "2023.8.6"]
[Round "-"]
[White "Nelsonbento"]
[Black "Mr_SPOCK"]
[Result "1-0"]
[WhiteElo "1638"]
[BlackElo "1669"]

1. d4 d5 2. h3 Nc6 3. c3 e5 4. e3 e4 5. Qa4 Bd7 6. Qb3 Na5 7. Qxd5 b6 8. Qxe4+
Be6 9. b4 Nf6 10. Qe5 Bd6 11. Qb5+ Bd7 12. Qg5 Rg8 13. bxa5 bxa5 14. Qxa5 Ne4
15. Ba3 Qf6 16. Nf3 a6 17. Bxd6 cxd6 18. Bd3 Ng5 19. Nbd2 h6 20. h4 Ne6 21. d5
Nd8 22. Qb6 Ke7 23. Ne4 Qg6 24. Ke2 Bb5 25. Qc7+ Kf8 26. c4 Bxc4 27. Qxc4 f5 28.
Ng3 Qf6 29. Rab1 Kf7 30. h5 Ra7 31. Nxf5 Re8 32. e4 Qxf5 33. Rb6 Nb7 34. Qc7+
Re7 35. Qxe7+ Kg8 36. exf5 Ra8 37. Rxb7 g5 38. Qg7# 1-0

[Event "Ecos do Além"]
[Site "http://www.queenalice.com/game.php?id=1819061"]
[Date "2023.8.19"]
[Round "-"]
[White "Diogolopes"]
[Black "Nelsonbento"]
[Result "1-0"]
[WhiteElo "1670"]
[BlackElo "1655"]

1. e4 e5 2. Nf3 d6 3. c4 Bg4 4. Qa4+ c6 5. d3 Bxf3 6. gxf3 h6 7. f4 Qh4 8. f5
Nf6 9. h3 g5 10. Qd1 g4 11. Nc3 g3 12. Be3 h5 13. Ne2 Bh6 14. fxg3 Qxg3+ 15.
Nxg3 Bxe3 16. a4 a5 17. Qb3 Ra7 18. Rd1 Na6 19. d4 exd4 20. Ne2 c5 21. Qb6 Nxe4
22. Rh2 Ng5 23. Rf2 Nxh3 24. Bxh3 Nb4 25. Qxa7 Ke7 26. f6+ Kd8 27. Qb8# 1-0

[Event "Challenge"]
[Site "http://www.queenalice.com/game.php?id=1819402"]
[Date "2023.8.23"]
[Round "-"]
[White "Mr_SPOCK"]
[Black "Nelsonbento"]
[Result "0-1"]
[WhiteElo "1647"]
[BlackElo "1640"]

1. e4 e5 2. Qh5 d6 3. Bc4 Qe7 4. d3 g6 5. Qe2 Nf6 6. Bg5 h6 7. Bh4 Bg4 8. Nf3 g5
9. Bxg5 Bxf3 10. Qxf3 hxg5 11. Nd2 g4 12. Qe2 Nc6 13. O-O-O Bh6 14. Kb1 Nd4 15.
Qf1 Bxd2 16. Rxd2 b5 17. Bd5 c6 18. Bxc6+ Nxc6 19. h3 gxh3 20. gxh3 O-O-O 21. c4
a6 22. c5 dxc5 23. f3 Rhg8 24. h4 Nh5 25. a4 b4 26. d4 Ng3 27. Qxa6+ Qb7 28. Qc4
Nxh1 29. b3 Rh8 30. Rh2 Ng3 31. d5 Nd4 32. Qxc5+ Qc7 33. Qxb4 Nxf3 34. Rc2 Qxc2+
35. Kxc2 Nd4+ 36. Kd3 Rxh4 37. Qc5+ Kd7 38. d6 Nc6 39. a5 Rc8 40. Ke3 Nxe4 41.
Qd5 Ng5 42. b4 Rxb4 43. a6 Rd4 44. Qb5 Rb8 45. Qf1 Rf4 46. Qd1 f5 47. Qa1 Rb3+
48. Ke2 Rh4 49. a7 Rh2+ 50. Kd1 Rh1+ 51. Kc2 Rxa1 52. Kxb3 Rxa7 53. Kc4 Kxd6 54.
Kd3 f4 55. Ke2 Ra2+ 56. Kd3 e4+ 57. Kc4 e3 58. Kb3 Rh2 59. Kc3 e2 60. Kc4 e1=Q
61. Kd3 Qd2+ 62. Kc4 Na5+ 63. Kb5 Qc1 64. Ka6 Rb2 65. Ka7 Qa1 66. Ka6 Nc4# 0-1

[Event "Contos da Cripta"]
[Site "http://www.queenalice.com/game.php?id=1820132"]
[Date "2023.9.2"]
[Round "-"]
[White "Diogolopes"]
[Black "Nelsonbento"]
[Result "1-0"]
[WhiteElo "1685"]
[BlackElo "1656"]

1. e4 d5 2. a4 e5 3. Nc3 c6 4. exd5 Bb4 5. Qe2 f6 6. Nf3 Bxc3 7. bxc3 Bg4 8. c4
Ne7 9. Qe4 Bxf3 10. Qxf3 O-O 11. g4 h6 12. a5 Na6 13. c3 Qd6 14. Ba3 c5 15. h4
Kf7 16. h5 Ke8 17. Rb1 Rb8 18. Rb5 g5 19. Bd3 Kd8 20. O-O Kc7 21. Rfb1 b6 22.
Qe3 Qd7 23. f3 Kb7 24. Qe4 Kc8 25. Qh7 Ng8 26. Bf5 Qxf5 27. Qxf5+ Kd8 28. d6 Rb7
29. axb6 axb6 30. Rxb6 Rd7 31. Rb8+ Nxb8 32. Rxb8# 1-0

[Event "Challenge"]
[Site "http://www.queenalice.com/game.php?id=1820588"]
[Date "2023.9.10"]
[Round "-"]
[White "Nelsonbento"]
[Black "Mr_SPOCK"]
[Result "1-0"]
[WhiteElo "1627"]
[BlackElo "1718"]

1. d4 Nf6 2. f3 Nc6 3. Bg5 d5 4. Bxf6 exf6 5. e3 Bb4+ 6. c3 Ba5 7. Bb5 O-O 8.
Bxc6 bxc6 9. b4 Bb6 10. a4 a5 11. Qb3 Be6 12. h4 Qe7 13. h5 h6 14. b5 c5 15. Ne2
c4 16. Qa3 c5 17. Nf4 f5 18. Nd2 Bd7 19. Nxd5 Qg5 20. O-O-O Bd8 21. Qxc5 Qxg2
22. Qxc4 Rc8 23. Qd3 Qg3 24. Nf4 Bc7 25. Rdg1 Qf2 26. Rg2 Qxg2 27. Nxg2 Be6 28.
Nf4 Bd7 29. Nd5 Bd6 30. Nb6 Rc7 31. Rh4 Bb4 32. Nd5 Rfc8 33. Nxc7 Rxc7 34. Nc4
Be6 35. d5 Rd7 36. cxb4 axb4 37. Kb2 Rxd5 38. Rd4 Rxd4 39. Qxd4 Kh7 40. b6 Bc8
41. Nd6 Be6 42. b7 b3 43. b8=Q f6 44. Qe8 f4 45. Qg6+ Kg8 46. exf4 Kh8 47. Nf7+
Bxf7 48. Qxf7 Kh7 49. Qe4+ Kh8 50. Qee8+ Kh7 51. Qg6# 1-0

[Event "O Iluminado"]
[Site "http://www.queenalice.com/game.php?id=1820763"]
[Date "2023.9.14"]
[Round "-"]
[White "Diogolopes"]
[Black "Nelsonbento"]
[Result "1-0"]
[WhiteElo "1679"]
[BlackElo "1641"]

1. e4 e5 2. d3 d5 3. f3 d4 4. a3 b5 5. h4 Be7 6. g3 h5 7. b4 f5 8. c3 dxc3 9.
Qc2 Qd4 10. Nxc3 Nc6 11. Nge2 Nxb4 12. axb4 Qxb4 13. Bd2 Qc5 14. Ra5 Qb6 15.
Nxb5 Rb8 16. Nxc7+ Kd7 17. Rd5+ Bd6 18. exf5 Qb1+ 19. Qxb1 Rxb1+ 20. Kf2 Ne7 21.
Rb5 Ra1 22. Ne6 Nxf5 23. Ng5 Kc6 24. Rb3 Bc5+ 25. Kg2 Rd8 26. g4 hxg4 27. fxg4
Nh6 28. Bc3 Nxg4 29. Bxa1 Kd6 30. Nf7+ Kd7 31. Nxd8 Kxd8 32. Nc3 Nf2 33. Rh2 Kc7
34. Kf3 Bb7+ 35. Ke2 Ng4 36. Nb5+ Kb8 37. Rh3 a6 38. Nc3 Kc7 39. Ne4 Bf8 40. Kf3
Nf6 41. Bxe5+ Kc8 42. Rc3+ Kd7 43. Rc7+ Ke6 44. Rxb7 Kxe5 45. Rh2 a5 46. Bh3 Kd4
47. Rd2 Nd5 48. Rd7 a4 49. Be6 Ke5 50. Bxd5 Kf5 51. Rf7+ Kg6 52. Rxf8 a3 53.
Rg2+ Kh7 54. Rg5 g6 55. Nf6+ Kg7 56. Nd7 a2 57. Bxa2 Kh7 58. Bg8+ Kh6 59. Bf7
Kh7 60. h5 Kh6 61. Kf4 gxh5 62. Rh8# 1-0

[Event "Amityville Horror"]
[Site "http://www.queenalice.com/game.php?id=1821441"]
[Date "2023.9.22"]
[Round "-"]
[White "Nelsonbento"]
[Black "Diogolopes"]
[Result "1-0"]
[WhiteElo "1647"]
[BlackElo "1651"]

1. d4 d5 2. Nc3 c6 3. h4 g6 4. h5 Qd6 5. g3 Nf6 6. h6 Ng4 7. Bh3 Qf6 8. Bf4 Na6
9. Be5 Qxf2+ 10. Kd2 Nxe5 11. Bxc8 Nc4+ 12. Kc1 Qe3+ 13. Kb1 Nd2+ 14. Kc1 Bxh6
15. Rxh6 Nb3+ 16. Kb1 Nxa1 17. Bxb7 Nb4 18. Kxa1 Qxh6 19. Bxa8 Qg5 20. a3 Na6
21. Bxc6+ Kd8 22. Bxd5 e6 23. Bb7 Nc7 24. Nf3 Qxg3 25. Ne5 Ke7 26. Nc6+ Kf8 27.
Nxa7 f5 28. Qd2 f4 29. Ne4 Qh4 30. Qb4+ Kg7 31. Ka2 Nd5 32. Bxd5 exd5 33. Qb7+
Kh6 34. Qxd5 Qe7 35. Nc6 Qh4 36. Ne5 Rf8 37. Nf7+ Rxf7 38. Qxf7 Qh5 39. Qc4 g5
40. d5 g4 41. Qc6+ Qg6 42. Qd7 Kh5 43. Qe6 Kh4 44. Qxg6 hxg6 45. d6 g3 46. Nxg3
fxg3 47. d7 g2 48. d8=Q+ Kh3 49. Qd3+ Kh2 50. Qxg6 g1=Q 51. Qxg1+ Kxg1 52. c4
Kf2 53. c5 Ke3 54. c6 1-0

[Event "Challenge"]
[Site "http://www.queenalice.com/game.php?id=1821469"]
[Date "2023.9.23"]
[Round "-"]
[White "Mr_SPOCK"]
[Black "Nelsonbento"]
[Result "0-1"]
[WhiteElo "1741"]
[BlackElo "1663"]

1. e4 e5 2. Qh5 Qf6 3. Bc4 g6 4. Qe2 a5 5. Nc3 c6 6. d4 Bb4 7. Bd2 Ne7 8. O-O-O
O-O 9. Nh3 d5 10. Bg5 Qd6 11. exd5 Bxh3 12. gxh3 Bxc3 13. Rd3 Bxd4 14. dxc6
Nbxc6 15. Bh6 Nb4 16. Rg1 Qc5 17. Bb3 a4 18. c3 Bxc3 19. Rxc3 Qd4 20. Qf3 axb3
21. Rd1 Nxa2+ 22. Kb1 Nxc3+ 23. bxc3 Qa4 24. Kc1 Qa1+ 25. Kd2 Rfd8+ 26. Ke3
Qxc3+ 27. Ke2 Qxf3+ 28. Kxf3 Rxd1 29. Bg5 Nf5 30. Ke4 b2 31. Kxe5 Re8+ 32. Kf4
b1=Q 33. Kg4 Qe4+ 34. Bf4 Qg2+ 35. Bg3 Re4+ 36. Kg5 Nxg3 37. hxg3 Qxh3 38. Kf6
Qe6+ 39. Kg5 Qe5+ 40. Kh6 Rh1# 0-1

[Event "Rosemary's Baby"]
[Site "http://www.queenalice.com/game.php?id=1821742"]
[Date "2023.9.27"]
[Round "-"]
[White "Nelsonbento"]
[Black "Diogolopes"]
[Result "1-0"]
[WhiteElo "1682"]
[BlackElo "1626"]

1. d4 d5 2. Bf4 e6 3. h4 g6 4. Nf3 h6 5. a4 Bg7 6. e3 Qd7 7. Be5 f6 8. Bf4 Nc6
9. Bb5 a6 10. Bxc6 Qxc6 11. O-O e5 12. dxe5 g5 13. exf6 Bxf6 14. Be5 Bg4 15.
Bxf6 Nxf6 16. Ne5 Qe6 17. Nxg4 Nxg4 18. Re1 gxh4 19. Qd4 Rh7 20. Nc3 c6 21. Ne2
Nf6 22. f3 Rg7 23. Qxh4 Qxe3+ 24. Kf1 Qg5 25. Qxg5 Rxg5 26. Nd4+ Kd7 27. Re6 Ng8
28. Rae1 Kc7 29. a5 h5 30. Kf2 c5 31. Nb3 d4 32. f4 Rf8 33. g3 h4 34. Rg1 h3 35.
Kf3 h2 36. Rh1 Rh5 37. Kg2 Nf6 38. Rxh2 Rxh2+ 39. Kxh2 Rh8+ 40. Kg2 Ng4 41. Re7+
Kc6 42. Re6+ Kb5 43. Rb6+ Kc4 44. Nd2+ Kd5 45. c4+ dxc3 46. bxc3 Rh7 47. Kf3
Nh2+ 48. Ke3 Rg7 49. c4# 1-0

[Event "Challenge"]
[Site "http://www.queenalice.com/game.php?id=1822161"]
[Date "2023.10.1"]
[Round "-"]
[White "Nelsonbento"]
[Black "Mr_SPOCK"]
[Result "0-1"]
[WhiteElo "1696"]
[BlackElo "1759"]

1. d4 d5 2. h4 Bg4 3. a3 Nc6 4. Qd3 Nf6 5. f3 Bh5 6. e3 e5 7. dxe5 Nxe5 8. Qf5
Qd6 9. Bd2 Nfd7 10. Bb5 g6 11. Bxd7+ Nxd7 12. Qf4 Ne5 13. Bb4 Qe6 14. g4 a5 15.
Bxf8 Rxf8 16. Qa4+ c6 17. gxh5 b5 18. Qd4 gxh5 19. Qb6 d4 20. Qxd4 Rd8 21. Qb6
Qg6 22. f4 Qg3+ 23. Ke2 Qg2+ 24. Ke1 Ng4 25. Qxc6+ Qxc6 26. Nc3 Qxh1 27. Ne2
Qxh4+ 28. Ng3 Qxg3+ 29. Kf1 Qf2# 0-1

[Event "Challenge"]
[Site "http://www.queenalice.com/game.php?id=1822699"]
[Date "2023.10.9"]
[Round "-"]
[White "Mr_SPOCK"]
[Black "Nelsonbento"]
[Result "1-0"]
[WhiteElo "1731"]
[BlackElo "1708"]

1. e4 d5 2. e5 d4 3. d3 a5 4. c3 dxc3 5. Nxc3 h5 6. Nf3 Bg4 7. Be2 Bxf3 8. Bxf3
c6 9. Bg5 Qd4 10. O-O Qxe5 11. Re1 Qxg5 12. Qb3 Ra7 13. Qb6 Ra6 14. Qxb7 f5 15.
Nd5 cxd5 16. Bxd5 Qf6 17. Qc8# 1-0

[Event "Challenge"]
[Site "http://www.queenalice.com/game.php?id=1822999"]
[Date "2023.10.14"]
[Round "-"]
[White "Nelsonbento"]
[Black "Mr_SPOCK"]
[Result "1-0"]
[WhiteElo "1654"]
[BlackElo "1768"]

1. d4 d5 2. h4 Nc6 3. Nc3 Nf6 4. Bg5 Qd6 5. Bxf6 exf6 6. e4 Qe6 7. Bb5 Bd7 8.
Qf3 Nxd4 9. Bxd7+ Kxd7 10. Qd3 Bc5 11. Nxd5 Rae8 12. O-O-O a5 13. Nf4 Qc6 14.
Nf3 Kc8 15. Nxd4 Bxd4 16. Qxd4 Rd8 17. Qa7 b5 18. Qxa5 Rd7 19. Rxd7 Kxd7 20.
Rd1+ Kc8 21. Nd5 Qb7 22. Ne7+ Kb8 23. f3 Re8 24. Nf5 Kc8 25. Nxg7 Re7 26. Qb4 c5
27. Qxc5+ Qc7 28. Qxb5 Qf4+ 29. Kb1 Rb7 30. Qe8+ Kc7 31. Qxf7+ Kb6 32. Qe6+ Ka7
33. Nh5 Qxh4 34. Nxf6 Rb6 35. Qd7+ Ka6 36. Nxh7 Ka5 37. b3 Kb4 38. Kb2 Ra6 39.
Qb7+ Kc5 40. Rd5# 1-0

[Event "Challenge"]
[Site "http://www.queenalice.com/game.php?id=1823865"]
[Date "2023.10.25"]
[Round "-"]
[White "Mr_SPOCK"]
[Black "Nelsonbento"]
[Result "1-0"]
[WhiteElo "1774"]
[BlackElo "1658"]

1. e4 h5 2. e5 d6 3. Nf3 Bg4 4. d4 dxe5 5. Be2 e4 6. Ne5 Nf6 7. Be3 e6 8. Nc3
Bb4 9. Qd2 Qd6 10. f3 exf3 11. gxf3 Bh3 12. O-O-O a5 13. Nb5 Bxd2+ 14. Rxd2 Qd5
15. Nxc7+ Ke7 16. Nxd5+ Nxd5 17. Bf2 a4 18. a3 f6 19. Ng6+ Kd6 20. Bg3+ Kc6 21.
Nxh8 Nd7 22. Ng6 b5 23. f4 Kb6 24. Bf3 Rc8 25. Re1 Bf5 26. Be4 Bxe4 27. Rxe4 Re8
28. f5 e5 29. dxe5 Nc7 30. Bf2+ Nc5 31. Rd6+ Kb7 32. Bxc5 Na6 33. Rb6+ Ka7 34.
Bf2 Nc7 35. Nf8 Rxf8 36. Rxf6+ Kb7 37. Rxf8 Kc6 38. Rh4 Kd5 39. Rxh5 Kxe5 40.
f6+ Ke4 41. fxg7 Ne6 42. Re8 Kf3 43. g8=Q Kxf2 44. Qg3+ Ke2 45. Rxe6+ Kf1 46.
Rf5# 1-0

[Event "Challenge"]
[Site "http://www.queenalice.com/game.php?id=1824636"]
[Date "2023.11.5"]
[Round "-"]
[White "Nelsonbento"]
[Black "Mr_SPOCK"]
[Result "1-0"]
[WhiteElo "1631"]
[BlackElo "1822"]

1. d4 d5 2. h4 Nc6 3. c3 e5 4. e3 e4 5. Bb5 Bd7 6. Bxc6 Bxc6 7. h5 Nh6 8. g4 Be7
9. b4 a5 10. bxa5 Rxa5 11. f4 exf3 12. Qxf3 b5 13. Bd2 Bd7 14. Qxd5 c6 15. Qe4
b4 16. cxb4 Rb5 17. Nc3 Rg5 18. Rh4 O-O 19. Nh3 Nxg4 20. Nxg5 Bxg5 21. Rxg4 Bxg4
22. Qxg4 f5 23. Qg1 Bh4+ 24. Ke2 Qe7 25. a3 f4 26. Rf1 Bg3 27. Nd1 Qe6 28. Nb2
Rd8 29. Kd3 Qb3+ 30. Ke2 Qxb2 31. exf4 Re8+ 32. Kf3 Qb3+ 33. Kg4 h6 34. Qxg3
Qe6+ 35. f5 Qe2+ 36. Rf3 Re4+ 37. Kh3 Qxd2 38. f6 g5 39. hxg6 Qxd4 40. Qb8+ Re8
41. Qxe8# 1-0

[Event "Challenge"]
[Site "http://www.queenalice.com/game.php?id=1825510"]
[Date "2023.11.20"]
[Round "-"]
[White "Mr_SPOCK"]
[Black "Nelsonbento"]
[Result "1-0"]
[WhiteElo "1759"]
[BlackElo "1655"]

1. e4 e5 2. Qh5 Nf6 3. Qxe5+ Be7 4. Nc3 d6 5. Qg5 O-O 6. Bd3 h6 7. Qh4 Nh7 8.
Qg3 Bh4 9. Qe3 Qf6 10. Nf3 a5 11. Nd5 Qd8 12. g3 Bg5 13. Nxg5 Qxg5 14. f4 Qg4
15. h3 Qd7 16. f5 f6 17. Bc4 Kh8 18. Nf4 Rf7 19. d3 b5 20. Bd5 Ra6 21. g4 c6 22.
Be6 Qe8 23. Ng6+ Kg8 24. Bxf7+ Kxf7 25. h4 b4 26. d4 Bb7 27. Bd2 Nd7 28. O-O-O
Nb6 29. b3 c5 30. g5 Bxe4 31. Qf2 Bxh1 32. Rxh1 Qc6 33. Re1 hxg5 34. Qf1 c4 35.
hxg5 Nxg5 36. Bxg5 Nd5 37. Qh1 cxb3 38. axb3 a4 39. Qh8 Ra8 40. Qh5 fxg5 41.
Ne5+ Ke7 42. Nxc6+ Kd7 43. Ne7 Nxe7 44. Qf7 a3 45. d5 a2 46. Rxe7+ Kc8 47. Qe8#
1-0

[Event "Challenge"]
[Site "http://www.queenalice.com/game.php?id=1826700"]
[Date "2023.12.8"]
[Round "-"]
[White "Nelsonbento"]
[Black "Mr_SPOCK"]
[Result "0-1"]
[WhiteElo "1643"]
[BlackElo "1762"]

1. f4 Nc6 2. e4 e5 3. f5 Nf6 4. Qf3 Nd4 5. Bd3 Nxf3+ 6. Nxf3 Bc5 7. Nxe5 Bd4 8.
Nf3 Bb6 9. b4 O-O 10. Bb2 d5 11. e5 Ng4 12. Bd4 Bxd4 13. Nxd4 Qh4+ 14. g3 Qh3
15. Nc3 b6 16. b5 Nxe5 17. O-O-O a6 18. Bf1 Qg4 19. Nce2 axb5 20. Nxb5 Qa4 21.
Nec3 Qb4 22. d4 Nc4 23. Bxc4 dxc4 24. d5 Ba6 25. Nxc7 Qxc3 26. Nxa8 Qb4 27. a3
Qd6 28. Nxb6 Qxb6 29. c3 Bc8 30. g4 Qb3 31. Kd2 Qb2+ 32. Ke3 Qxc3+ 33. Ke4 Bb7
34. Kf4 g5+ 35. Kxg5 Qe3+ 36. Kf6 Qb6+ 37. d6 Bxh1 38. Rxh1 Qxd6+ 39. Kg5 c3 40.
h4 Kg7 41. h5 h6+ 42. Kh4 Re8 43. a4 Re3 44. Rh3 Qf6+ 45. g5 Qxg5# 0-1

[Event "Challenge"]
[Site "http://www.queenalice.com/game.php?id=1827992"]
[Date "2023.12.26"]
[Round "-"]
[White "Mr_SPOCK"]
[Black "Nelsonbento"]
[Result "0-1"]
[WhiteElo "1733"]
[BlackElo "1632"]

1. e4 e5 2. Qh5 Nc6 3. Bc4 g6 4. Qf3 Qf6 5. Nc3 Qxf3 6. Nxf3 Nd4 7. Nxd4 exd4 8.
Nd5 Bd6 9. d3 c6 10. O-O cxd5 11. Bxd5 Ne7 12. Bb3 O-O 13. Bh6 a5 14. a4 Bb4 15.
f4 d6 16. e5 Bg4 17. h3 Nf5 18. Bg5 Be2 19. Rf2 Bh5 20. g4 Bxg4 21. hxg4 Ne3 22.
Rh2 dxe5 23. f5 Nxg4 24. Rh4 gxf5 25. Kg2 Kg7 26. Rah1 Rh8 27. c4 dxc3 28. bxc3
Bxc3 29. Bc2 h5 30. d4 e4 31. Bd1 e3 32. Kf3 Bxd4 33. Kf4 f6 34. Kxf5 fxg5 35.
Kxg5 Bf6+ 36. Kf4 Bxh4 37. Rxh4 Raf8+ 38. Ke4 Nf2+ 39. Kxe3 Nxd1+ 40. Ke4 Rh6
41. Kd5 Nc3+ 42. Kc4 Nxa4 43. Kb5 Nc3+ 44. Kxa5 Ne2 45. Re4 Ng3 46. Re7+ Rf7 47.
Re3 h4 48. Rxg3+ hxg3 49. Kb5 g2 50. Kc5 g1=Q+ 51. Kc4 Rd6 52. Kc3 Qd4+ 53. Kb3
Ra6 54. Kc2 Rc7+ 55. Kb3 Qb6# 0-1